Cyclistes originaires du Grand Est - Statistiques

Statistiques générales
  • Ce quiz a été pris 77 fois
    4 depuis la dernière actualisation
  • Le résultat moyen est 14 sur 20
Statistiques - réponses
Par images Hint Réponse % Correct
Lorraine (retraité) Anthony Roux
100%
Alsace Axel Zingle
100%
Alsace Hugo Hofstetter
100%
Lorraine (retraité) Julien Absalon
100%
Lorraine (retraité) Nacer Bouhanni
100%
Champagne-Ardennes Pauline Ferrand-Prévot
100%
Lorraine (retraité) Steve Chainel
100%
Alsace (retraité) Thomas Voeckler
100%
Lorraine Aubin Sparfel
67%
Champagne-Ardennes Baptiste Huyet
67%
Lorraine (retraité) Charles Planet
67%
Champagne-Ardennes Joshua Dubau
67%
Lorraine Margot Marasco
67%
Alsace Quentin Bezza
67%
Alsace Amandine Muller
33%
Champagne-Ardennes (retraité) Jérémy Cabot
33%
Champagne-Ardennes Joris Delbove
33%
Champagne-Ardennes Noa Isidore
33%
Alsace Pierre Gautherat
33%
Champagne-Ardennes Victor Papon
33%
Aucun quiz correspondant
Distribution des résultats
% des personnes avec chaque résultat
Percentile par nombre de réponses
Votre historique - résultats
Vous n’avez pas pris ce quiz depuis la dernière actualisation